logo

DISCURSO SOBRE EL ESPIRITU POSITIVO (Record no. 52326)

MARC details
000 -CABECERA
campo de control de longitud fija 00429nam a2200181Ia 4500
001 - NÚMERO DE CONTROL
campo de control 26263
005 - FECHA Y HORA DE LA ÚLTIMA TRANSACCIÓN
campo de control 20260407084005.0
008 - CÓDIGOS DE INFORMACIÓN DE LONGITUD FIJA
campo de control de longitud fija 260115s9999 xx 000 0 und d
010 ## - NÚMERO DE CONTROL DE LA BIBLIOTECA DEL CONGRESO
Número de control de LC 52326
035 ## - NÚMERO DE CONTROL DEL SISTEMA
Número de control de sistema 16437
090 ## - LOCALMENTE ASIGNADO TIPO-LC NÚMERO DE CLASIFICACIÓN (OCLC); NÚMERO DE CLASIFICACIÓN LOCAL (RLIN)
Número de clasificación (OCLC) (R) ; Numero de clasificación CALL (RLIN) (NR) 165.731
100 ## - PUNTO DE ACCESO PRINCIPAL - NOMBRE DE PERSONA
Nombre de persona COMTE AUGUSTE
245 #0 - MENCIÓN DE TÍTULO
Título DISCURSO SOBRE EL ESPIRITU POSITIVO
260 ## - PUBLICACIÓN, DISTRIBUCIÓN, ETC. (PIE DE IMPRENTA)
Nombre del editor distribuidor etc. BIBLIOTECA NUEVA
Fecha de publicación distribución etc. 1999
630 ## - PUNTO DE ACCESO ADICIONAL DE MATERIA--TÍTULO UNIFORME
Título uniforme FILOSOFIA DE LA MENTE
650 ## - PUNTO DE ACCESO ADICIONAL DE MATERIA--TÉRMINO DE MATERIA
Término de materia o nombre geográfico como elemento inicial POSITIVISMO
942 ## - ELEMENTOS DE PUNTO DE ACCESO ADICIONAL (KOHA)
Tipo de ítem Koha Monografías
Holdings
Estado de retiro Estado de pérdida Estado dañado No para préstamo Código de colección Localización permanente Ubicación/localización actual Ubicación en estantería Fecha de adquisición Enumeración/cronología de publicación seriada Número de inventario Número de registro Total de préstamos Signatura topográfica completa Código de barras Fecha visto por última vez Número de copia Precio válido a partir de Tipo de ítem Koha Nota pública
          Servicio de Estudios Históricos Servicio de Estudios Históricos   20/04/2001 165.731 22665 22665   16437 FH_26263 05/02/2026 1 05/02/2026 Monografías 21, 164, 980 PST-5,89 E, MADRID